|
|
|
|
| LEADER |
00668cam a2200181ua 4500 |
| 008 |
100909t2007||||||||||| 00 ||||| c |
| 082 |
|
|
|a 333.916 209 547 5
|b WOO/P
|
| 245 |
1 |
0 |
|a Politics of water resource developemnt in India: the Narmada dams controversy /
|
| 260 |
|
|
|a New Delhi:
|b Sage,
|c 2007.
|
| 300 |
|
|
|a 285p..
|
| 362 |
1 |
|
|a 2007.
|
| 650 |
|
|
|a Water resources development-India-Narmada river
|
| 650 |
0 |
|
|a Dams-India
|
| 650 |
0 |
|
|a Narmada river-Dams
|
| 700 |
0 |
2 |
|a Wood,, John
|
| 942 |
|
|
|c BK
|
| 999 |
|
|
|c 23319
|d 23319
|
| 952 |
|
|
|0 0
|1 0
|4 0
|6 333_916000000000000_209_547_5_
|7 0
|9 24767
|a KUCL
|b KUCL
|d 2014-05-23
|l 1
|o 333.916 209 547 5 WOO/
|p 23892
|r 2019-12-07
|s 2019-11-02
|w 2014-05-23
|y BK
|